The social animal / (Record no. 22753)

MARC details
000 -LEADER
fixed length control field 00805cam a2200277 i 4500
001 - CONTROL NUMBER
control field 2282090
003 - CONTROL NUMBER IDENTIFIER
control field OSt
005 - DATE AND TIME OF LATEST TRANSACTION
control field 20211217132959.0
008 - FIXED-LENGTH DATA ELEMENTS--GENERAL INFORMATION
fixed length control field 800102s1980 caua b 001 0 eng
010 ## - LIBRARY OF CONGRESS CONTROL NUMBER
LC control number 79027721
020 ## - INTERNATIONAL STANDARD BOOK NUMBER
International Standard Book Number 0716712296
020 ## - INTERNATIONAL STANDARD BOOK NUMBER
International Standard Book Number 071671230X
040 ## - CATALOGING SOURCE
Original cataloging agency DLC
Transcribing agency HU
Modifying agency DLC
050 00 - LIBRARY OF CONGRESS CALL NUMBER
Classification number HM251
Item number .A79 1980
082 00 - DEWEY DECIMAL CLASSIFICATION NUMBER
Classification number 302 ARO 1980
100 1# - MAIN ENTRY--PERSONAL NAME
Personal name Aronson, Elliot.
9 (RLIN) 9920
245 14 - TITLE STATEMENT
Title The social animal /
Statement of responsibility, etc. Elliot Aronson.
250 ## - EDITION STATEMENT
Edition statement 3d ed.
260 ## - PUBLICATION, DISTRIBUTION, ETC.
Place of publication, distribution, etc. San Francisco :
Name of publisher, distributor, etc. W. H. Freeman,
Date of publication, distribution, etc. c1980.
300 ## - PHYSICAL DESCRIPTION
Extent xvi, 377 p. :
Other physical details ill. ;
Dimensions 24 cm.
490 0# - SERIES STATEMENT
Series statement A Series of books in psychology
504 ## - BIBLIOGRAPHY, ETC. NOTE
Bibliography, etc. note Includes bibliographical references and indexes.
650 #0 - SUBJECT ADDED ENTRY--TOPICAL TERM
Topical term or geographic name entry element Social psychology.
9 (RLIN) 5411
906 ## - LOCAL DATA ELEMENT F, LDF (RLIN)
a 7
b cbc
c orignew
d 1
e ocip
f 19
g y-gencatlg
942 ## - ADDED ENTRY ELEMENTS (KOHA)
Source of classification or shelving scheme Dewey Decimal Classification
Koha item type Books like text book referance book
Suppress in OPAC No
Holdings
Withdrawn status Lost status Source of classification or shelving scheme Damaged status Not for loan Collection code Home library Current library Shelving location Date acquired Total Checkouts Full call number Barcode Date last seen Copy number Price effective from Koha item type
    Dewey Decimal Classification     Reference Wondo Genet Library Wondo Genet Library General Stacks 12/17/2021   302 ARO 1980 WGCFNRL00007573 12/17/2021 1 12/17/2021 Books like text book referance book